Technológie výroby bioplynu a možnosti jeho zušľachtenia na biometán

Saved in:
Bibliographic Details
Main Author: Nagy, Balázs (Author)
Other Authors: Variny, Miroslav (Thesis advisor)
Format: Manuscript Book
Language:Slovak
Published: 2025
Subjects:
Online Access:http://is.stuba.sk/zp/portal_zp.pl?podrobnosti=176107
Tags: Add Tag
No Tags, Be the first to tag this record!

MARC

LEADER 00000ntm a22000003a 4500
001 stuzp104578
003 SK-STU
005 20250628211800.5
007 ta
008 150427s2015----xo-----f-mn---000-0-slo-d
040 |a STU  |b slo 
041 0 |a slo 
100 1 |a Nagy, Balázs  |u 046230  |4 aut  |U FCHPT Ústav chemického a environmentálneho inžinierstva  |T FCHPT Oddelenie chemického a biochemického inžinierstva  |X 121424  |U C6230  |Y 119  |7 121424 
242 0 1 |a Biogas Production Technologies and Possibilites of Biogas Upgrade to Biomethane  |y eng 
245 1 0 |a Technológie výroby bioplynu a možnosti jeho zušľachtenia na biometán 
260 |c 2025 
650 4 |a Membrány  |2 slo 
650 4 |a Biometán  |2 slo 
650 4 |a Bioplyn  |2 slo 
650 4 |a Bioplynová stanica  |2 slo 
650 4 |a Biometane  |2 eng 
650 4 |a Membranes  |2 eng 
650 4 |a Biogas  |2 eng 
650 4 |a Biogas plants  |2 eng 
700 1 |a Variny, Miroslav  |u 046230  |k Z1  |4 ths  |U FCHPT Ústav chemického a environmentálneho inžinierstva  |T FCHPT Oddelenie chemického a biochemického inžinierstva  |X 25916  |U C6230  |Y 119  |7 A000025916 
856 4 |u http://is.stuba.sk/zp/portal_zp.pl?podrobnosti=176107